Le fotografie di von Gloeden /

Uloženo v:
Podrobná bibliografie
Hlavní autor: Gloeden, Wilhelm : von (Autor)
Další autoři: Falzone del Barbarò, Michele
Médium: Kniha
Jazyk:italština
Vydáno: Milano : Longanesi & C., c1980
Edice:I marmi ; 146
Témata:
Tagy: Přidat tag
Žádné tagy, Buďte první, kdo vytvoří štítek k tomuto záznamu!

MARC

LEADER 00000nam a22000007i 4500
001 IT\ICCU\UBO\0082935
003 ItRI
005 20250220230503.0
008 911001s1980 it |||||| ||||| |||||c
020 |a 8830408131 
040 |b ita  |c ARCIGAY RIMINI 
041 7 |a ita  |2 ISO-639-2 
082 |a 779  |2 20 
100 1 |a Gloeden, Wilhelm : von  |0 IT\ICCU\PALV\010216  |4 aut 
245 1 3 |a Le fotografie di von Gloeden /  |c Wilhelm von Gloeden ; \A cura di! Michele Falzone Barbaro, Marina Miraglia, Italo Mussa ; con una nota di Goffredo Parise. 
260 |a Milano :  |b Longanesi & C.,  |c c1980 
300 |a 127 p., p. di tav. :  |b ill. ;  |c 29 cm 
500 |a In testa al front.: Fotolibri Longanesi & C. 
500 |a a cura 
650 7 |a GLOEDEN, WILHELM VON  |x Fotografie  |2 scbi 
700 1 |a Falzone del Barbarò, Michele  |0 IT\ICCU\CFIV\010865 
830 2 |a I marmi ;  |v 146  |0 IT\ICCU\CFI\0048930 
942 |2 ddc  |c BK 
952 |0 0  |1 0  |2 ddc  |4 0  |6 779_000000000000000_VON_FOT  |7 1  |9 3304  |a RN  |b RN  |d 2025-02-20  |e DONO RIMONDINI  |l 0  |o 779 VON FOT  |p 10563  |r 2025-02-20 23:05:28  |w 2025-02-20  |y BK 
981 1 |6 z01  |a i   |b xxxe  
982 1 |6 z01  |a n 
999 |c 2621  |d 2621